| 000 | 00374nam a2200133Ia 4500 | ||
|---|---|---|---|
| 005 | 20260328101520.0 | ||
| 008 | 260328s9999||||xx |||||||||||||| ||und|| | ||
| 100 | _aLe Glatin-Keis, Marie | ||
| 245 | 4 |
_aThe Art of travel with a Sketchbook : _b Six tips to get stArted / _cMarie Le Glatin-Keis |
|
| 260 | _bDesign Originals | ||
| 300 | _a99 p. | ||
| 650 | _aDIBUJO | ||
| 942 | _cBK | ||
| 999 |
_c9575 _d9575 |
||